LIBRARY & INFORMATION CENTRE, KCAET, TAVANUR

ONLINE PUBLIC ACCESS CATALOGUE (OPAC)

Normal view MARC view
  • Field astronomy

Entry Topical Term

Number of records used in: 1

001 - CONTROL NUMBER

  • control field: 1397

003 - CONTROL NUMBER IDENTIFIER

  • control field: OSt

005 - DATE AND TIME OF LATEST TRANSACTION

  • control field: 20160901114251.0

008 - FIXED-LENGTH DATA ELEMENTS

  • fixed length control field: 160901|| aca||aabn | a|a d

040 ## - CATALOGING SOURCE

  • Original cataloging agency: OSt
  • Transcribing agency: OSt

150 ## - HEADING--TOPICAL TERM

  • Topical term or geographic name as entry element: Field astronomy

670 ## - SOURCE DATA FOUND

  • Source citation: Work cat.: (OSt)77: Kanetkar, T.P . 1395, Surveying and Levelling / , 1965.
free website counter